| 000 | 00359nam a2200133Ia 4500 | ||
|---|---|---|---|
| 008 | 240624s9999 xx 000 0 und d | ||
| 041 | _aeng | ||
| 082 | _a339 MIC | ||
| 100 | _aMICHL THOMAS R | ||
| 245 | _aMACROECONOMICS THEORY A SHORT COURSE | ||
| 260 |
_c2009 _aNew Delhi _bPHI Learning Private Limited |
||
| 300 | _ax, : 270p. : cm. ; 22 | ||
| 365 |
_cRS _b33 |
||
| 999 |
_c25535 _d25535 |
||